[Event "Jm KP I 24-25 Duras B-Vyskov"]
[Site "?"]
[Date "2025.04.06"]
[Round "64.7"]
[White "Klinkovsky, Vojtech"]
[Black "Pukowietz, Partik"]
[Result "1/2-1/2"]
[WhiteElo "1845"]
[BlackElo "1883"]
[PlyCount "112"]
[EventDate "2022.02.06"]

1. e4 c6 2. d4 d5 3. exd5 cxd5 4. Bd3 Nc6 5. c3 Nf6 6. Bf4 Bg4 7. Qb3 Qd7 8.
Nd2 e6 9. Ngf3 Bxf3 10. Nxf3 Be7 11. O-O O-O 12. Rae1 Rfc8 13. Ne5 Nxe5 14.
Bxe5 a6 15. Qc2 g6 16. Qd2 Ne8 17. Re3 Bd6 18. Rfe1 Rc6 19. h4 Bxe5 20. Rxe5
Kg7 21. h5 Nd6 22. Qf4 Qd8 23. R1e3 Qf8 24. hxg6 hxg6 25. Rh3 Kg8 26. Qg5 Qg7
27. Qe7 Re8 28. Qh4 f6 29. Ree3 Kf7 30. Reg3 Nf5 31. Bxf5 exf5 32. Re3 Rce6 33.
Qf4 Rxe3 34. Rxe3 Rxe3 35. fxe3 Qf8 36. Qc7+ Qe7 37. Qxe7+ Kxe7 38. Kf2 Kd6 39.
b3 b5 40. Ke2 Kc6 41. Kd3 g5 42. c4 b4 43. c5 Kb5 44. Ke2 Kc6 45. Kf3 Kb5 46.
Ke2 Kc6 47. Kd2 Kb5 48. Kc2 a5 49. Kb2 Kc6 50. a4 Kd7 51. Kc2 Kc6 52. Kd2 Kd7
53. Ke2 Ke7 54. Kf3 Kd7 55. g4 fxg4+ 56. Kxg4 Ke6 1/2-1/2

[Event "Jm KP I 24-25 Duras B-Vyskov"]
[Site "?"]
[Date "2025.04.06"]
[Round "64.8"]
[White "Mikulasek, Ondrej"]
[Black "Fojt, Leos"]
[Result "1/2-1/2"]
[WhiteElo "1807"]
[BlackElo "1805"]
[PlyCount "26"]
[EventDate "2022.02.06"]

1. d4 d5 2. c4 e5 3. dxe5 d4 4. Nf3 Nc6 5. Bg5 Be7 6. Bxe7 Ngxe7 7. g3 O-O 8.
Bg2 Ng6 9. O-O Ngxe5 10. Nbd2 Re8 11. Rc1 Rb8 12. Nxe5 Nxe5 13. Nb3 d3 1/2-1/2

[Event "Jm KP I 23-24 Hustopece-Loko Brno B"]
[Site "?"]
[Date "2025.04.06"]
[Round "65.1"]
[White "Hajek, Oskar"]
[Black "Straka, Vojtech"]
[Result "1-0"]
[WhiteElo "2205"]
[BlackElo "1996"]
[PlyCount "79"]
[EventDate "2025.??.??"]

{[%evp 0,65,19,21,72,53,38,35,35,22,23,21,42,42,11,3,25,0,52,-29,-29,-29,-29,
-29,-19,-57,-32,-56,-42,28,-48,-62,18,-98,-66,-66,-50,-51,-22,-55,-37,-47,-53,
-43,-38,-70,-70,-70,-70,-62,-74,-64,-64,-70,-64,-77,-71,-76,-66,-84,-69,-71,
-53,-60,-40,-44,-44,-44]} 1. e4 1... g6 2. d4 Bg7 3. Nc3 a6 4. Be3 b5 5. Qd2 d6
6. f3 Bb7 7. h4 h5 8. Nh3 Nf6 9. O-O-O Nbd7 10. Ng5 e5 11. g3 Qe7 12. Bh3 Nh7
13. Nxh7 Rxh7 14. f4 f6 15. dxe5 fxe5 16. f5 gxf5 17. Bxf5 Rh8 18. Nd5 Bxd5 19.
Qxd5 Rb8 20. Qc6 Bh6 21. Bxh6 Rxh6 22. Qxc7 Rd8 23. Rhf1 Nf8 24. Qc3 Qg7 25.
Kb1 Rh8 26. Qb3 Rh6 27. Qd5 Rf6 28. g4 hxg4 29. Bxg4 Nd7 30. Be6 Qf8 31. Rg1
Qh6 32. Rg8+ Nf8 33. Qc6+ Ke7 34. Qc7+ Ke8 35. Bd5 Rd7 36. Bc6 Kf7 37. Rxf8+
Qxf8 38. Qxd7+ Kg6 39. a3 Rf1 40. Qe8+ 1-0

[Event "Jm KP I 23-24 Hustopece-Loko Brno B"]
[Site "?"]
[Date "2025.04.06"]
[Round "65.2"]
[White "Wunsch, Radek"]
[Black "Kuchynka, Lukas"]
[Result "1/2-1/2"]
[WhiteElo "2013"]
[BlackElo "2229"]
[PlyCount "46"]
[EventDate "2025.??.??"]

1. e4 c6 2. d4 d5 3. e5 c5 4. dxc5 e6 5. a3 Bxc5 6. b4 Bb6 7. Bb2 Nc6 8. Nf3
Nge7 9. Bd3 Ng6 10. O-O Nf4 11. Re1 g5 12. Bf1 a6 13. c4 dxc4 14. Qxd8+ Bxd8
15. Bxc4 b5 16. Bf1 Bb7 17. Nbd2 g4 18. Nd4 Nxd4 19. Bxd4 Rg8 20. Ne4 Be7 21.
g3 Nh3+ 22. Bxh3 gxh3 23. Nd6+ Bxd6 1/2-1/2

[Event "Jm KP I 23-24 Hustopece-Loko Brno B"]
[Site "?"]
[Date "2025.04.06"]
[Round "65.3"]
[White "Vaculik, Martin"]
[Black "Pribyl, Rene"]
[Result "0-1"]
[WhiteElo "1958"]
[BlackElo "1893"]
[PlyCount "120"]
[EventDate "2025.??.??"]

{[%evp 0,84,12,18,54,4,0,-6,32,-20,-34,-64,-58,-58,-58,-63,-63,-74,-80,-91,-68,
-75,-59,-96,-59,-178,-178,-159,-145,-374,-366,-343,-372,-380,-300,-344,-325,
-332,-359,-529,-529,-541,-556,-573,-572,-695,-523,-520,-522,-603,-579,-659,
-567,-564,-573,-576,-554,-627,-531,-540,-533,-581,-581,-589,-549,-566,-530,
-608,-542,-554,-543,-554,-523,-612,-618,-691,-779,-866,-888,-1046,-1103,-1125,
-1008,-1145,-1252,-1268,-1393]} 1. e4 1... e5 2. Nf3 Nf6 3. Nxe5 d6 4. Nf3 Nxe4
5. Nc3 Nxc3 6. dxc3 Be7 7. Be3 Nc6 8. Qd2 Bf5 9. O-O-O Qd7 10. Kb1 Bf6 11. Bg5
Bxg5 12. Qxg5 O-O 13. Bb5 f6 14. Qf4 a6 15. Ba4 b5 16. Bb3+ Be6 17. Bxe6+ Qxe6
18. Rhe1 Qf7 19. Nd4 Nxd4 20. Qxd4 Rfe8 21. b3 Qd7 22. Qd5+ Kf8 23. Kb2 Rxe1
24. Rxe1 c6 25. Qd3 g6 26. Rd1 d5 27. Qd4 Kf7 28. Rd3 Qa7 29. Qh4 Rh8 30. Qf4
Re8 31. Rh3 Kg7 32. Qd6 Qb7 33. Rf3 f5 34. h4 Re7 35. g4 Qc7 36. Qxc7 Rxc7 37.
gxf5 Rf7 38. Re3 Rxf5 39. Re6 Rf6 40. Re7+ Kh6 41. Ra7 Rxf2 42. Rxa6 Kh5 43. a4
Kxh4 44. Rxc6 bxa4 45. bxa4 Rf7 46. c4 dxc4 47. a5 Ra7 48. Rxc4+ Kg3 49. Rc5
Kh4 50. Kb3 g5 51. Kb4 g4 52. c4 g3 53. Rd5 g2 54. Rd1 Rf7 55. Rg1 Kg3 56. Kb5
h5 57. Kb6 h4 58. Rxg2+ Kxg2 59. a6 h3 60. a7 Rf8 0-1

[Event "Jm KP I 23-24 Hustopece-Loko Brno B"]
[Site "?"]
[Date "2025.04.06"]
[Round "65.4"]
[White "Marsa, Alexandr"]
[Black "Hradek, Matyas"]
[Result "1/2-1/2"]
[WhiteElo "1992"]
[BlackElo "1955"]
[PlyCount "114"]
[EventDate "2025.??.??"]

{[%evp 0,68,28,31,35,-10,53,48,52,44,31,43,30,26,19,5,5,9,6,11,9,7,-7,-15,1,-5,
-5,-9,-6,-36,-78,-33,-25,-64,-40,-28,-2,6,27,0,35,35,52,41,57,-21,-3,3,12,2,0,
9,4,4,4,-8,1,-5,0,-15,-10,0,-2,-10,-1,-21,0,-21,0,0,11]} 1. d4 1... d5 2. c4 c6
3. Nc3 Nf6 4. cxd5 cxd5 5. Nf3 Nc6 6. Bf4 a6 7. e3 e6 8. Bd3 Bd6 9. Bxd6 Qxd6
10. O-O O-O 11. Rc1 Rd8 12. Na4 e5 13. Nb6 Rb8 14. Nxc8 Rbxc8 15. Bf5 Rb8 16.
dxe5 Nxe5 17. Nd4 g6 18. Bh3 Ne4 19. g3 Qb4 20. Rc2 Rd6 21. a3 Qb6 22. Qc1 Nc6
23. Rd1 Rbd8 24. Bg2 Ng5 25. b4 Nxd4 26. Rxd4 Ne6 27. Rd3 d4 28. e4 Qb5 29. Qd1
Rc6 30. Rxc6 bxc6 31. h4 a5 32. Rb3 axb4 33. axb4 Nc7 34. Bf1 Qb6 35. Bc4 Nb5
36. Qf3 Nd6 37. Bf1 Re8 38. Bd3 c5 39. bxc5 Qxb3 40. cxd6 Re6 41. e5 Rxe5 42.
Qa8+ Kg7 43. d7 Rd5 44. Bf5 gxf5 45. d8=Q Rxd8 46. Qxd8 Qd1+ 47. Kg2 Qd2 48.
Qd5 Qd3 49. Qe5+ Kf8 50. Qf6 Qe4+ 51. Kg1 Ke8 52. Qa6 d3 53. Qc8+ Ke7 54. Qc7+
Ke6 55. Qc8+ Kd6 56. Qf8+ Ke6 57. Qe8+ Kf6 1/2-1/2

[Event "Jm KP I 23-24 Hustopece-Loko Brno B"]
[Site "?"]
[Date "2025.04.06"]
[Round "65.5"]
[White "Urban, Vlastimil"]
[Black "Vesely, Jaromir"]
[Result "0-1"]
[WhiteElo "1938"]
[BlackElo "1913"]
[PlyCount "74"]
[EventDate "2025.??.??"]

1. d4 d5 2. c4 c6 3. Nf3 e6 4. Qc2 f5 5. g3 Nf6 6. Bg2 Bd6 7. O-O O-O 8. b3 Bd7
9. Ba3 Bxa3 10. Nxa3 Ne4 11. Ne5 Be8 12. c5 Nd7 13. Nd3 Qf6 14. e3 e5 15. dxe5
Nxe5 16. Nxe5 Qxe5 17. b4 Bh5 18. Rac1 Rae8 19. Nb1 Re6 20. Nd2 Rh6 21. Nb3 Bg4
22. Nd4 Bh3 23. f4 Qe8 24. Rfe1 Bg4 25. Bf3 Qh5 26. Qg2 Rff6 27. Bxe4 fxe4 28.
Ne2 Bf3 29. Qf2 Qg4 30. Kf1 Qh3+ 31. Kg1 Rf5 32. Rc2 Rfh5 33. Nd4 Qg4 34. Nxf3
exf3 35. Qf1 Rxh2 36. Rxh2 Qxg3+ 37. Rg2 fxg2 0-1

[Event "Jm KP I 23-24 Hustopece-Loko Brno B"]
[Site "?"]
[Date "2025.04.06"]
[Round "65.6"]
[White "Mikolas, Jakub"]
[Black "Nerud, Matous"]
[Result "1-0"]
[WhiteElo "1873"]
[BlackElo "1926"]
[PlyCount "67"]
[EventDate "2025.??.??"]

1. d4 g6 2. c4 Bg7 3. Nf3 d6 4. g3 Nc6 5. Bg2 Bd7 6. Nc3 Qc8 7. O-O Bh3 8. b3
h5 9. Nd5 Bxg2 10. Kxg2 h4 11. e3 e6 12. Nc3 hxg3 13. fxg3 e5 14. Qe2 Qg4 15.
d5 Nce7 16. e4 f5 17. Ng5 Qxe2+ 18. Nxe2 Bh6 19. Ne6 Bxc1 20. Raxc1 Kd7 21. c5
c6 22. Ng5 dxc5 23. Nf7 Rh7 24. Nxe5+ Kd6 25. Nc4+ Kd7 26. d6 Nc8 27. exf5 gxf5
28. Rxf5 b5 29. Ne5+ Ke6 30. Rg5 Nxd6 31. Nf4+ Kf6 32. Rg6+ Kxe5 33. Re6+ Kf5
34. Rxc5+ 1-0

[Event "Jm KP I 23-24 Hustopece-Loko Brno B"]
[Site "?"]
[Date "2025.04.06"]
[Round "65.7"]
[White "Sknouril, Jakub"]
[Black "Lisik, Miroslav"]
[Result "1-0"]
[WhiteElo "1923"]
[BlackElo "1806"]
[PlyCount "69"]
[EventDate "2025.??.??"]

{[%evp 0,99,34,34,21,-9,14,18,7,0,0,-33,-10,-21,6,4,-10,-25,-20,-22,20,22,65,
42,54,40,127,104,108,108,107,107,99,128,129,95,95,87,109,112,88,103,111,82,83,
88,91,92,103,118,131,130,128,139,317,358,362,405,806,478,958,571,579,370,375,
385,406,383,389,373,370,348,371,365,365,337,361,368,366,361,345,354,364,347,
373,233,321,353,354,353,398,469,554,1015,1015,1014,1087,1016,1326,1326,1904,
29958]} 1. Nc3 1... c5 2. Nf3 g6 3. d4 cxd4 4. Qxd4 Nf6 5. Qh4 Nc6 6. Bh6 Bxh6
7. Qxh6 Qa5 8. O-O-O Qh5 9. Qxh5 gxh5 10. Nb5 Kd8 11. Ng5 Rf8 12. e3 h6 13. Nh3
a6 14. Nd4 d6 15. Nf4 Kc7 16. Be2 Bg4 17. h3 Bxe2 18. Nfxe2 e6 19. Nc3 Rg8 20.
g3 d5 21. Rhe1 Ne4 22. Nxe4 dxe4 23. Nxc6 bxc6 24. Rd4 f5 25. Red1 Rad8 26.
Rxd8 Rxd8 27. Rxd8 Kxd8 28. b4 Kc7 29. Kb2 e5 30. h4 Kb6 31. Kb3 Kb5 32. a4+
Kb6 33. Kc4 Kb7 34. Kc5 Kc7 35. c4 1-0

[Event "Jm KP I 23-24 Hustopece-Loko Brno B"]
[Site "?"]
[Date "2025.04.06"]
[Round "65.8"]
[White "Sladek, Vladislav"]
[Black "Oujesky, Jakub"]
[Result "1/2-1/2"]
[WhiteElo "1938"]
[BlackElo "1872"]
[PlyCount "119"]
[EventDate "2025.??.??"]

{[%evp 0,86,34,-10,-10,-30,-24,-24,-24,-40,5,-63,-26,-18,-19,-26,-11,-17,22,1,
5,-2,23,2,44,48,62,56,85,74,79,80,58,67,57,39,41,24,36,19,13,0,47,33,34,39,34,
34,41,45,43,36,39,39,41,8,23,12,26,-4,0,-26,-25,-18,0,0,0,-105,-92,-87,-65,-92,
39,42,44,25,51,0,0,0,21,0,0,0,0,0,0,0,0]} 1. e4 1... c5 2. Nf3 e6 3. d4 cxd4 4.
c3 d3 5. c4 g6 6. Nc3 a6 7. Bxd3 Bg7 8. h4 h5 9. e5 Nc6 10. Qe2 Qa5 11. Bf4 d6
12. Rd1 dxe5 13. Bg5 Nge7 14. O-O O-O 15. Rfe1 Nf5 16. Ne4 Nfd4 17. Nxd4 Nxd4
18. Qe3 f5 19. Nc3 Kh7 20. Bb1 Qc7 21. Qg3 Qxc4 22. Rxe5 Bxe5 23. Qxe5 Nc6 24.
Qc7+ Kg8 25. Bh6 Rf7 26. Rd8+ Nxd8 27. Qxc4 Bd7 28. a4 Rc8 29. Qd3 Bc6 30. Qg3
Kh7 31. Bf4 Rd7 32. Ba2 Bd5 33. Nxd5 exd5 34. Qd3 Ne6 35. Be5 Nc5 36. Qc3 Rc6
37. Qd4 Ne6 38. Qd2 Rc8 39. a5 Rc6 40. Bb3 Rc8 41. Ba4 Rdd8 42. Bf6 Rf8 43. Bd7
Rc7 44. Bxe6 Rxf6 45. Bxd5 Rf8 46. Qe3 Rd8 47. Qe6 Rg7 48. b4 Rdd7 49. Kh2 Rde7
50. Qb6 Rd7 51. Bf3 Rge7 52. b5 axb5 53. Qxb5 Rg7 54. Qe5 Rge7 55. Qb8 Rf7 56.
Qc8 Rc7 57. Qd8 Rcd7 58. Qb6 Rfe7 59. Qb5 Rf7 60. Kg3 1/2-1/2

[Event "Jm KP I 24-25 Sloup-Kurim B"]
[Site "Sloup, Hotel Brousek, board 1"]
[Date "2025.04.06"]
[Round "66.1"]
[White "Pokladnik, Martin"]
[Black "Pokorny, Petr"]
[Result "1/2-1/2"]
[WhiteElo "2018"]
[BlackElo "2155"]
[PlyCount "81"]

1. e4 e5 2. Nf3 Nc6 3. Bb5 Nf6 4. d3 Bc5 5. Bxc6 dxc6 6. O-O Nd7 7. Nbd2 O-O 8.
Nc4 Re8 9. Bg5 f6 10. Be3 Bf8 11. Bd2 Nb6 12. Ne3 Be6 13. Nh4 Nc8 14. Nhf5 Nd6
15. Ng3 Nf7 16. Nef5 Nd6 17. Ne3 Nf7 18. Qe2 Qd7 19. a4 a5 20. Rad1 b6 21. Bc3
c5 22. b3 Nh6 23. h3 Rad8 24. Kh2 Bd6 25. Nc4 Bf7 26. Bd2 Bxc4 27. dxc4 Nf7 28.
Nf5 g6 29. Ne3 c6 30. Kg1 Qe6 31. Bc1 Bf8 32. Ng4 h5 33. Nh2 Rxd1 34. Rxd1 Rd8
35. Kf1 Rxd1+ 36. Qxd1 Qd6 37. Ke2 Qd4 38. f3 Bh6 39. Bxh6 Nxh6 40. Qxd4 cxd4
41. Nf1 1/2-1/2

[Event "Jm KP I 24-25 Sloup-Kurim B"]
[Site "Sloup, Hotel Brousek, board 2"]
[Date "2025.04.06"]
[Round "66.2"]
[White "Krena, Bohuslav"]
[Black "Bohacek, Milan"]
[Result "0-1"]
[WhiteElo "1928"]
[BlackElo "2013"]
[PlyCount "80"]

1. c4 e5 2. Nc3 Nf6 3. Nf3 Nc6 4. g3 Be7 5. Bg2 d6 6. O-O O-O 7. d3 Bg4 8. Bd2
Qd7 9. Re1 h6 10. a3 Nh7 11. b4 f5 12. b5 Nd8 13. Nd5 c6 14. Nxe7+ Qxe7 15. a4
Rc8 16. Bc3 Ne6 17. h3 Bh5 18. Qb3 c5 19. e3 Qd7 20. Nd2 f4 21. exf4 exf4 22.
g4 Neg5 23. f3 Bf7 24. Qb2 Bg6 25. Ne4 Ne6 26. Bf1 Nhg5 27. Kg2 h5 28. Rad1
Bxe4 29. dxe4 Nxh3 30. gxh5 Neg5 31. Rd3 Qf7 32. Red1 Qxh5 33. Qe2 Qg6 34. Kh2
Qh5 35. Kg2 Ne6 36. Qe1 Kf7 37. Rxd6 Qg5+ 38. Kh2 Qg1+ 39. Kxh3 Rh8+ 40. Qh4
Ng5# 0-1

[Event "Jm KP I 24-25 Sloup-Kurim B"]
[Site "Sloup, Hotel Brousek, board 3"]
[Date "2025.04.06"]
[Round "66.3"]
[White "Sevcik, Leos"]
[Black "Keprt, Tomas"]
[Result "1/2-1/2"]
[WhiteElo "2007"]
[BlackElo "1872"]
[PlyCount "81"]

1. d4 d5 2. c4 c6 3. e3 Nf6 4. Nc3 g6 5. Nf3 Bg7 6. Bd3 O-O 7. Ne5 Nbd7 8. f4
dxc4 9. Bxc4 Nxe5 10. fxe5 Nd5 11. O-O Be6 12. Qe2 c5 13. Bxd5 Bxd5 14. e4 Bc6
15. d5 Bd7 16. Bf4 h5 17. h3 Rc8 18. Rad1 c4 19. Qe3 Qa5 20. Bh6 Qc5 21. Qxc5
Rxc5 22. Bxg7 Kxg7 23. Rd2 b5 24. a3 a5 25. Ne2 e6 26. Nf4 b4 27. axb4 axb4 28.
Rc1 Rfc8 29. Kf2 c3 30. bxc3 bxc3 31. Rd4 Rb8 32. Nd3 Rcc8 33. Ke3 Rb3 34. Rb4
Rxb4 35. Nxb4 f6 36. exf6+ Kxf6 37. Rf1+ Ke5 38. Nd3+ Kd6 39. dxe6 Bxe6 40. Rc1
Bd7 41. Kd4 1/2-1/2

[Event "Jm KP I 24-25 Sloup-Kurim B"]
[Site "Sloup, Hotel Brousek, board 4"]
[Date "2025.04.06"]
[Round "66.4"]
[White "Kudla, Vladimir"]
[Black "Moc, Roman"]
[Result "1-0"]
[WhiteElo "1944"]
[BlackElo "1956"]
[PlyCount "85"]

1. e4 c5 2. c3 d5 3. exd5 Qxd5 4. d4 Nf6 5. Nf3 Bg4 6. Be2 e6 7. O-O Be7 8. Be3
cxd4 9. cxd4 O-O 10. Nc3 Qa5 11. h3 Bh5 12. Qb3 Nbd7 13. Rfd1 Qb4 14. Qxb4 Bxb4
15. a3 Bxc3 16. bxc3 Ne4 17. Rac1 Rac8 18. c4 b6 19. g4 Bg6 20. Nh4 f5 21. Nxg6
hxg6 22. Bd3 Nef6 23. g5 Ne8 24. Bf4 Kf7 25. Re1 Rh8 26. Kg2 Nc7 27. Bc2 e5 28.
Bxe5 Ne6 29. Bb3 Nxe5 30. c5 bxc5 31. Bxe6+ Kxe6 32. Rxe5+ Kd6 33. Rexc5 Rxc5
34. Rxc5 Rh4 35. Ra5 Rxd4 36. Rxa7 Ke5 37. Rxg7 Kf4 38. Rxg6 Ra4 39. h4 Kg4 40.
Rh6 Rxa3 41. g6 Ra8 42. g7 Rg8 43. f3+ 1-0

[Event "Jm KP I 24-25 Sloup-Kurim B"]
[Site "Sloup, Hotel Brousek, board 5"]
[Date "2025.04.06"]
[Round "66.5"]
[White "Moc, Martin"]
[Black "Shelest, Oleksii"]
[Result "1/2-1/2"]
[WhiteElo "1956"]
[BlackElo "1922"]
[PlyCount "91"]

1. d4 Nf6 2. c4 e6 3. Nf3 b6 4. e3 Bb7 5. Be2 Be7 6. O-O O-O 7. Nc3 d5 8. b3 c5
9. Bb2 dxc4 10. Bxc4 Nc6 11. d5 exd5 12. Nxd5 Nxd5 13. Bxd5 Bf6 14. Rb1 Bxb2
15. Rxb2 Qf6 16. Rd2 Rfd8 17. Re1 Rab8 18. e4 Na5 19. Bxb7 Nxb7 20. Rd7 Rxd7
21. Qxd7 Qd8 22. Qf5 Nd6 23. Qf4 Nb5 24. Ng5 Rb7 25. h3 h6 26. Nf3 Re7 27. e5
Qd5 28. Qf5 Re6 29. Qf4 Nc3 30. Qe3 Nxa2 31. Ra1 Nb4 32. Rxa7 Nd3 33. Qd2 Qxb3
34. Ra8+ Kh7 35. Ra7 Nxe5 36. Nxe5 Rxe5 37. Qf4 Qb1+ 38. Kh2 Rf5 39. Qe3 Qb2
40. Qd3 g6 41. f3 Kg7 42. Rb7 Rg5 43. Qf1 c4 44. h4 Rc5 45. Qg1 c3 46. Qd4+
1/2-1/2

[Event "Jm KP I 24-25 Sloup-Kurim B"]
[Site "Sloup, Hotel Brousek, board 6"]
[Date "2025.04.06"]
[Round "66.6"]
[White "Rubes, Pavel"]
[Black "Skocik, Marek"]
[Result "0-1"]
[WhiteElo "1945"]
[BlackElo "2013"]
[PlyCount "108"]

1. d4 d5 2. c4 e6 3. Nc3 Nf6 4. Bg5 c6 5. cxd5 exd5 6. Nf3 Be7 7. e3 Bf5 8. Bd3
Bxd3 9. Qxd3 Nbd7 10. O-O O-O 11. Nd2 h6 12. Bh4 Re8 13. f3 Qb6 14. Qc2 c5 15.
Bf2 cxd4 16. exd4 Rac8 17. Qb3 Qxb3 18. Nxb3 Bb4 19. Be1 a6 20. a3 Bd6 21. Bd2
Nb6 22. Rae1 Rxe1 23. Bxe1 Nc4 24. Rf2 Re8 25. Re2 Rxe2 26. Nxe2 Nxb2 27. Bb4
Bxb4 28. axb4 Nd3 29. Nc5 Nxb4 30. Nxb7 Kf8 31. Kf2 Ke7 32. Ke3 Kd7 33. Nc5+
Kc6 34. Nc3 Nd7 35. Nxd7 Kxd7 36. Kf4 Ke6 37. h4 Nc2 38. Na4 a5 39. Nc5+ Ke7
40. Ke5 Ne3 41. h5 f6+ 42. Kf4 Nxg2+ 43. Kf5 Kf7 44. Nb7 a4 45. Nd6+ Ke7 46.
Nb5 Ne3+ 47. Kf4 Nc2 48. Nc3 a3 49. Nxd5+ Kf7 50. Nc3 Nb4 51. Kf5 a2 52. Nxa2
Nxa2 53. d5 Nb4 54. d6 Nc6 0-1

[Event "Jm KP I 24-25 Sloup-Kurim B"]
[Site "Sloup, Hotel Brousek, board 7"]
[Date "2025.04.06"]
[Round "66.7"]
[White "Balaz, Frantisek"]
[Black "Pesl, Jan"]
[Result "1/2-1/2"]
[WhiteElo "1891"]
[BlackElo "1875"]
[PlyCount "48"]

1. e4 Nf6 2. e5 Nd5 3. Nf3 d6 4. exd6 exd6 5. d4 Be7 6. Bc4 Be6 7. Bb3 O-O 8.
O-O a5 9. c4 Nf6 10. d5 Bg4 11. Nc3 h6 12. Qd3 Na6 13. Be3 Qd7 14. Ba4 Qf5 15.
Qxf5 Bxf5 16. Rfe1 Bd8 17. a3 Bd3 18. Bb3 Ng4 19. Bd4 Bf6 20. Bxf6 Nxf6 21. Re7
Rfe8 22. Rae1 Rxe7 23. Rxe7 Re8 24. Rxe8+ Nxe8 1/2-1/2

[Event "Jm KP I 24-25 Sloup-Kurim B"]
[Site "Sloup, Hotel Brousek, board 8"]
[Date "2025.04.06"]
[Round "66.8"]
[White "Cihal, Jan"]
[Black "Helebrand, Zdenek"]
[Result "1/2-1/2"]
[WhiteElo "1872"]
[BlackElo "1841"]
[PlyCount "69"]

1. Nf3 Nf6 2. g3 d5 3. Bg2 g6 4. O-O Bg7 5. d3 O-O 6. Nbd2 Nc6 7. c3 e5 8. Qc2
a5 9. e4 dxe4 10. dxe4 Qe7 11. a4 Rd8 12. b3 h6 13. Ba3 Qe8 14. Nc4 Bg4 15. Ne3
Be6 16. Nd2 Rd7 17. Ndc4 Rad8 18. Rad1 Bf8 19. Bxf8 Qxf8 20. Rxd7 Rxd7 21. Rd1
Qd8 22. Rxd7 Qxd7 23. Qd2 Qxd2 24. Nxd2 Nd7 25. Nd5 Bxd5 26. exd5 Ne7 27. Kf1
b6 28. Ke2 f5 29. Ke3 Kf7 30. c4 Nc5 31. Bf1 g5 32. f4 Ng6 33. fxe5 Nxe5 34.
Be2 Kf6 35. Kd4 1/2-1/2